[Event "Championship Moscow 2015 Seniors rapid"]
[Site "?"]
[Date "2015.11.29"]
[Round "1.8"]
[White "Bakhtin, Vladimir A."]
[Black "Burkov, Dmitry"]
[Result "1/2-1/2"]
[BlackElo "2000"]
[WhiteElo "2250"]
[LiveChessVersion "1.4.6"]

1. Nf3 {[%clk 0:10:07]} d5 {[%clk 0:10:07]} 2. c4 {[%clk 0:10:10]} dxc4
{[%clk 0:10:03]} 3. e3 {[%clk 0:10:05]} Nf6 {[%clk 0:09:38]} 4. Bxc4
{[%clk 0:10:08]} e6 {[%clk 0:09:34]} 5. O-O {[%clk 0:10:00]} Be7 {[%clk 0:09:29]}
6. Nc3 {[%clk 0:10:01]} O-O {[%clk 0:09:28]} 7. Qe2 {[%clk 0:09:22]} c5
{[%clk 0:09:10]} 8. Rd1 {[%clk 0:09:14]} Nc6 {[%clk 0:09:05]} 9. d4
{[%clk 0:09:12]} cxd4 {[%clk 0:08:07]} 10. Nxd4 {[%clk 0:08:49]} Qa5
{[%clk 0:07:30]} 11. Nxc6 {[%clk 0:08:06]} bxc6 {[%clk 0:07:32]} 12. Bd2
{[%clk 0:08:09]} Qh5 {[%clk 0:07:03]} 13. Qxh5 {[%clk 0:07:24]} Nxh5
{[%clk 0:07:05]} 14. Rac1 {[%clk 0:07:25]} Rb8 {[%clk 0:06:48]} 15. b3
{[%clk 0:06:45]} e5 {[%clk 0:06:25]} 16. Na4 {[%clk 0:06:15]} Ba3
{[%clk 0:05:20]} 17. Rc3 {[%clk 0:05:05]} Nf6 {[%clk 0:05:18]} 18. f3
{[%clk 0:04:57]} Nd5 {[%clk 0:04:42]} 19. Rd3 {[%clk 0:04:43]} Nb4
{[%clk 0:04:00]} 20. Bxb4 {[%clk 0:03:58]} Bxb4 {[%clk 0:04:02]} 21. Nc3
{[%clk 0:03:58]} Bf5 {[%clk 0:03:11]} 22. e4 {[%clk 0:03:54]} Bc5+
{[%clk 0:02:57]} 23. Kf1 {[%clk 0:03:57]} Be6 {[%clk 0:02:02]} 24. Bxe6
{[%clk 0:03:29]} fxe6 {[%clk 0:02:04]} 25. Ne2 {[%clk 0:03:23]} Bb6
{[%clk 0:01:30]} 26. Rc1 {[%clk 0:02:54]} c5 {[%clk 0:01:07]} 27. Rd6
{[%clk 0:02:52]} Rfe8 {[%clk 0:00:56]} 28. Nc3 {[%clk 0:02:45]} Rbd8
{[%clk 0:00:56]} 29. Rcd1 {[%clk 0:02:45]} Rxd6 {[%clk 0:00:58]} 30. Rxd6
{[%clk 0:02:49]} Kf7 {[%clk 0:00:55]} 31. Ke2 {[%clk 0:02:22]} Ke7
{[%clk 0:00:52]} 32. Rd3 {[%clk 0:02:07]} Rc8 {[%clk 0:00:51]} 33. Na4
{[%clk 0:02:00]} Rd8 {[%clk 0:00:33]} 34. Rxd8 {[%clk 0:02:00]} Kxd8
{[%clk 0:00:36]} 35. Kd3 {[%clk 0:02:03]} Kd7 {[%clk 0:00:40]} 36. Kc4
{[%clk 0:02:07]} Kc6 {[%clk 0:00:43]} 37. Nb2 {[%clk 0:02:05]} Bc7
{[%clk 0:00:44]} 38. Nd3 {[%clk 0:02:08]} Bd6 {[%clk 0:00:47]} 39. a3
{[%clk 0:02:08]} a6 {[%clk 0:00:47]} 40. g4 {[%clk 0:01:35]} g5 {[%clk 0:00:46]}
41. h3 {[%clk 0:01:38]} h6 {[%clk 0:00:46]} 42. Nc1 {[%clk 0:01:39]} Bc7
{[%clk 0:00:45]} 43. Ne2 {[%clk 0:01:39]} Ba5 {[%clk 0:00:42]} 44. Ng3
{[%clk 0:01:42]} Be1 {[%clk 0:00:31]} 45. Nh5 {[%clk 0:01:46]} Bf2
{[%clk 0:00:30]} 46. Nf6 {[%clk 0:01:44]} Bd4 {[%clk 0:00:26]} 47. Ng8
{[%clk 0:01:47]} Kd7 {[%clk 0:00:28]} 48. b4 {[%clk 0:00:48]} cxb4
{[%clk 0:00:31]} 49. Kxb4 {[%clk 0:00:53]} Ke8 {[%clk 0:00:27]} 50. Nf6+
{[%clk 0:00:47]} Ke7 {[%clk 0:00:28]} 51. Nh5 {[%clk 0:00:45]} Bb6
{[%clk 0:00:17]} 52. a4 {[%clk 0:00:41]} Kf7 {[%clk 0:00:16]} 53. Ng3
{[%clk 0:00:40]} Ke7 {[%clk 0:00:19]} 54. Ne2 {[%clk 0:00:37]} Kd6
{[%clk 0:00:22]} 55. Nc1 {[%clk 0:00:39]} Kc6 {[%clk 0:00:25]} 56. a5
{[%clk 0:00:42]} Bc5+ {[%clk 0:00:23]} 57. Kc4 {[%clk 0:00:46]} Be3
{[%clk 0:00:20]} 58. Nd3 {[%clk 0:00:49]} Kd6 {[%clk 0:00:20]} 59. Nb4
{[%clk 0:00:52]} Bd2 {[%clk 0:00:23]} 60. Nxa6 {[%clk 0:00:50]} Bxa5
{[%clk 0:00:25]} 61. Nc5 {[%clk 0:00:54]} Bd8 {[%clk 0:00:25]} 62. Nb7+
{[%clk 0:00:57]} Kd7 {[%clk 0:00:29]} 63. Nxd8 {[%clk 0:00:56]} Kxd8
{[%clk 0:00:33]} 64. Kb5 {[%clk 0:00:59]} Kd7 {[%clk 0:00:29]} 65. Kb6
{[%clk 0:01:01]} Kd6 {[%clk 0:00:31]} 66. Kb7 {[%clk 0:01:01]} Kd7
{[%clk 0:00:35]} 67. Kb6 {[%clk 0:01:01]} Kd6 {[%clk 0:00:39]} 68. Kb5
{[%clk 0:01:06]} Kd7 {[%clk 0:00:41]} 1/2-1/2

[Event "Championship Moscow 2015 Seniors rapid"]
[Site "?"]
[Date "2015.11.29"]
[Round "1.9"]
[White "Artamonov, Alexander"]
[Black "Tchernyi, Viktor"]
[Result "0-1"]
[BlackElo "2249"]
[WhiteElo "1998"]
[LiveChessVersion "1.4.6"]

1. d4 {[%clk 0:10:06]} f5 {[%clk 0:10:08]} 2. e4 {[%clk 0:10:08]} fxe4
{[%clk 0:10:10]} 3. Nc3 {[%clk 0:10:12]} Nf6 {[%clk 0:10:11]} 4. Bg5
{[%clk 0:10:16]} Nc6 {[%clk 0:09:35]} 5. Bxf6 {[%clk 0:10:15]} exf6
{[%clk 0:09:38]} 6. d5 {[%clk 0:10:06]} Ne5 {[%clk 0:09:34]} 7. Nxe4
{[%clk 0:10:05]} d6 {[%clk 0:08:32]} 8. Qd2 {[%clk 0:09:54]} Be7 {[%clk 0:08:28]}
9. f4 {[%clk 0:09:32]} Ng4 {[%clk 0:07:33]} 10. Nf3 {[%clk 0:09:17]} O-O
{[%clk 0:07:16]} 11. O-O-O {[%clk 0:09:11]} h6 {[%clk 0:06:53]} 12. Ng3
{[%clk 0:08:15]} f5 {[%clk 0:06:13]} 13. Nd4 {[%clk 0:08:03]} Bh4
{[%clk 0:04:27]} 14. Re1 {[%clk 0:07:18]} Nf6 {[%clk 0:03:26]} 15. Ne6
{[%clk 0:06:23]} Bxe6 {[%clk 0:03:27]} 16. dxe6 {[%clk 0:06:24]} Ne4
{[%clk 0:02:42]} 17. Nxe4 {[%clk 0:05:02]} Bxe1 {[%clk 0:02:34]} 18. Qxe1
{[%clk 0:05:04]} fxe4 {[%clk 0:02:36]} 19. Qxe4 {[%clk 0:05:06]} Qf6
{[%clk 0:02:28]} 20. g3 {[%clk 0:05:00]} Rae8 {[%clk 0:02:02]} 21. Bd3
{[%clk 0:04:52]} g6 {[%clk 0:01:47]} 22. Re1 {[%clk 0:04:33]} Kg7
{[%clk 0:01:43]} 23. Qxb7 {[%clk 0:04:00]} Rxe6 {[%clk 0:01:40]} 24. Rxe6 Qxe6
{[%clk 0:01:44]} 25. Qxc7+ {[%clk 0:03:27]} Rf7 {[%clk 0:01:47]} 26. Qc3+
{[%clk 0:03:15]} Qf6 {[%clk 0:01:36]} 27. Qxf6+ {[%clk 0:03:05]} Kxf6
{[%clk 0:01:40]} 28. Kd2 {[%clk 0:03:08]} a5 {[%clk 0:01:36]} 29. Bc4
{[%clk 0:02:51]} Rc7 {[%clk 0:01:29]} 30. Bd5 {[%clk 0:02:51]} g5
{[%clk 0:01:19]} 31. fxg5+ {[%clk 0:02:32]} hxg5 {[%clk 0:01:23]} 32. h3
{[%clk 0:02:22]} Ke5 {[%clk 0:01:17]} 33. Bf3 {[%clk 0:01:51]} Rf7
{[%clk 0:01:12]} 34. Ke3 {[%clk 0:01:50]} Rc7 {[%clk 0:01:11]} 35. c3
{[%clk 0:01:48]} d5 {[%clk 0:01:00]} 36. h4 {[%clk 0:01:50]} gxh4
{[%clk 0:00:54]} 37. gxh4 {[%clk 0:01:54]} a4 {[%clk 0:00:51]} 38. Bd1
{[%clk 0:01:26]} a3 {[%clk 0:00:49]} 39. Kd3 {[%clk 0:01:12]} axb2
{[%clk 0:00:52]} 40. Kc2 {[%clk 0:01:16]} d4 {[%clk 0:00:51]} 41. Kxb2
{[%clk 0:01:05]} Rxc3 {[%clk 0:00:53]} 42. h5 {[%clk 0:01:08]} Rh3
{[%clk 0:00:55]} 43. a4 Kd5 {[%clk 0:00:55]} 44. Bb3+ {[%clk 0:01:00]} Kc5
{[%clk 0:00:58]} 45. Bf7 {[%clk 0:00:58]} Kb4 {[%clk 0:01:00]} 46. Be8
{[%clk 0:00:54]} Rh2+ {[%clk 0:01:03]} 47. Kc1 {[%clk 0:00:55]} Kc3
{[%clk 0:01:03]} 48. Kd1 {[%clk 0:00:48]} d3 {[%clk 0:01:02]} 49. Ke1
{[%clk 0:00:37]} d2+ {[%clk 0:01:00]} 0-1

[Event "Championship Moscow 2015 Seniors rapid"]
[Site "?"]
[Date "2015.11.29"]
[Round "1.10"]
[White "Kachar, Vladimir"]
[Black "Kondratiev, Vissarion L."]
[Result "1-0"]
[BlackElo "1989"]
[WhiteElo "2237"]
[LiveChessVersion "1.4.6"]

1. c4 {[%clk 0:10:07]} c5 {[%clk 0:10:07]} 2. Nf3 {[%clk 0:10:11]} Nf6
{[%clk 0:10:10]} 3. Nc3 {[%clk 0:10:12]} Nc6 {[%clk 0:10:12]} 4. d4
{[%clk 0:10:10]} d5 {[%clk 0:10:14]} 5. Bg5 {[%clk 0:09:35]} cxd4
{[%clk 0:10:01]} 6. Nxd4 {[%clk 0:09:18]} dxc4 {[%clk 0:08:48]} 7. Nxc6
{[%clk 0:09:09]} Qxd1+ {[%clk 0:08:45]} 8. Rxd1 {[%clk 0:09:12]} bxc6
{[%clk 0:08:48]} 9. g3 {[%clk 0:08:34]} e6 {[%clk 0:07:39]} 10. Bg2
{[%clk 0:08:29]} Nd5 {[%clk 0:07:28]} 11. e4 {[%clk 0:08:28]} Nxc3
{[%clk 0:07:29]} 12. Rd8# 1-0

[Event "Championship Moscow 2015 Seniors rapid"]
[Site "?"]
[Date "2015.11.29"]
[Round "1.11"]
[White "Lazarev, Gennady"]
[Black "Skorodumov, Vladimir"]
[Result "0-1"]
[BlackElo "2234"]
[WhiteElo "1988"]
[LiveChessVersion "1.4.6"]

1. e4 {[%clk 0:10:06]} c5 {[%clk 0:10:14]} 2. d4 {[%clk 0:10:07]} cxd4
{[%clk 0:10:18]} 3. c3 {[%clk 0:10:12]} d3 {[%clk 0:10:12]} 4. Bxd3
{[%clk 0:10:13]} Nc6 {[%clk 0:10:16]} 5. Nf3 {[%clk 0:10:14]} g6 {[%clk 0:10:20]}
6. Be3 {[%clk 0:10:13]} Bg7 {[%clk 0:10:24]} 7. Nbd2 {[%clk 0:10:12]} Nf6
{[%clk 0:10:27]} 8. h3 {[%clk 0:10:14]} O-O {[%clk 0:10:29]} 9. Rc1
{[%clk 0:10:16]} d5 {[%clk 0:10:29]} 10. O-O {[%clk 0:09:32]} h6 {[%clk 0:08:44]}
11. Re1 {[%clk 0:09:06]} dxe4 {[%clk 0:08:30]} 12. Nxe4 {[%clk 0:09:03]} Nd5
{[%clk 0:08:25]} 13. Bd2 {[%clk 0:08:25]} Ndb4 {[%clk 0:06:44]} 14. Bb1
{[%clk 0:08:11]} Nd3 {[%clk 0:06:47]} 15. Bxd3 {[%clk 0:08:14]} Qxd3
{[%clk 0:06:50]} 16. Bf4 {[%clk 0:08:13]} Qxd1 {[%clk 0:06:10]} 17. Rcxd1
{[%clk 0:08:13]} b6 {[%clk 0:06:12]} 18. Be3 {[%clk 0:07:38]} Be6
{[%clk 0:06:02]} 19. a3 {[%clk 0:07:07]} Rfd8 {[%clk 0:05:00]} 20. Nd4
{[%clk 0:06:30]} Nxd4 {[%clk 0:04:54]} 21. Bxd4 {[%clk 0:06:33]} Bb3
{[%clk 0:04:56]} 22. Rd2 {[%clk 0:06:05]} e5 {[%clk 0:04:46]} 23. Be3
{[%clk 0:05:58]} f5 {[%clk 0:04:15]} 24. Rxd8+ {[%clk 0:05:50]} Rxd8
{[%clk 0:04:20]} 25. Nd2 {[%clk 0:05:54]} Bd5 {[%clk 0:03:54]} 26. f3
{[%clk 0:05:41]} g5 {[%clk 0:03:51]} 27. Nf1 {[%clk 0:05:17]} Kf7
{[%clk 0:03:00]} 28. Bc1 {[%clk 0:05:20]} Kg6 {[%clk 0:02:40]} 29. Rd1
{[%clk 0:05:14]} Bf6 {[%clk 0:02:45]} 30. Ne3 {[%clk 0:05:06]} Bb7
{[%clk 0:02:44]} 31. Rxd8 {[%clk 0:05:01]} Bxd8 {[%clk 0:02:49]} 32. Nc4
{[%clk 0:04:16]} Bc7 {[%clk 0:02:50]} 33. Be3 {[%clk 0:04:02]} f4
{[%clk 0:02:36]} 34. Bf2 {[%clk 0:04:05]} e4 {[%clk 0:02:40]} 35. fxe4
{[%clk 0:04:04]} Bxe4 {[%clk 0:02:44]} 36. Nd2 {[%clk 0:03:51]} Bd3
{[%clk 0:02:14]} 37. Bd4 {[%clk 0:03:54]} Kf5 {[%clk 0:02:15]} 38. Kf2
{[%clk 0:03:53]} h5 {[%clk 0:02:17]} 39. c4 {[%clk 0:03:34]} g4 {[%clk 0:02:10]}
40. hxg4+ {[%clk 0:03:37]} hxg4 {[%clk 0:02:14]} 41. b4 {[%clk 0:03:34]} Bd8
{[%clk 0:02:11]} 42. g3 {[%clk 0:03:20]} fxg3+ {[%clk 0:02:06]} 43. Kxg3
{[%clk 0:03:20]} Bc7+ {[%clk 0:02:11]} 44. Kg2 {[%clk 0:03:19]} Bf4
{[%clk 0:02:12]} 45. Bc3 {[%clk 0:03:17]} Be4+ {[%clk 0:02:08]} 46. Nxe4
{[%clk 0:03:13]} Kxe4 {[%clk 0:02:13]} 47. c5 {[%clk 0:03:03]} bxc5
{[%clk 0:02:13]} 48. bxc5 {[%clk 0:03:06]} Kd5 {[%clk 0:02:17]} 49. Bb4
{[%clk 0:03:00]} Bc7 {[%clk 0:02:10]} 50. Be1 {[%clk 0:02:03]} a6
{[%clk 0:02:13]} 51. Bf2 {[%clk 0:02:03]} Kc4 {[%clk 0:02:18]} 52. Be1
{[%clk 0:01:47]} Kb3 {[%clk 0:02:20]} 53. Bb4 {[%clk 0:01:51]} Ka4
{[%clk 0:02:24]} 54. c6 {[%clk 0:01:37]} Kb5 {[%clk 0:02:26]} 55. Bd2
{[%clk 0:01:30]} Kxc6 {[%clk 0:02:30]} 56. Bb4 {[%clk 0:01:18]} Bd6
{[%clk 0:01:59]} 57. Bd2 {[%clk 0:00:47]} Kb5 {[%clk 0:02:00]} 58. Bc1
{[%clk 0:00:45]} Ka4 {[%clk 0:02:04]} 59. Kf2 {[%clk 0:00:36]} Kb3
{[%clk 0:01:54]} 60. Ke3 {[%clk 0:00:33]} Bxa3 {[%clk 0:01:51]} 61. Bd2
{[%clk 0:00:28]} Bb4 {[%clk 0:01:50]} 0-1

[Event "Championship Moscow 2015 Seniors rapid"]
[Site "?"]
[Date "2015.11.29"]
[Round "1.12"]
[White "Ageichenko, Genadi A"]
[Black "Borodin, Stanislav"]
[Result "1-0"]
[BlackElo "1986"]
[WhiteElo "2219"]
[LiveChessVersion "1.4.6"]

1. Nf3 {[%clk 0:10:06]} Nf6 {[%clk 0:10:08]} 2. c4 {[%clk 0:10:09]} b6
{[%clk 0:10:09]} 3. g3 {[%clk 0:10:10]} Bb7 {[%clk 0:10:12]} 4. Bg2
{[%clk 0:10:13]} d6 {[%clk 0:10:13]} 5. O-O {[%clk 0:10:15]} e5 {[%clk 0:10:14]}
6. Nc3 {[%clk 0:10:18]} Be7 {[%clk 0:10:17]} 7. d4 {[%clk 0:10:00]} exd4
{[%clk 0:09:50]} 8. Nxd4 {[%clk 0:10:02]} Bxg2 {[%clk 0:09:51]} 9. Kxg2
{[%clk 0:10:04]} O-O {[%clk 0:09:53]} 10. e4 {[%clk 0:10:02]} Qd7
{[%clk 0:09:42]} 11. b3 {[%clk 0:09:45]} Re8 {[%clk 0:09:42]} 12. Bb2
{[%clk 0:09:47]} Nc6 {[%clk 0:09:44]} 13. f3 {[%clk 0:09:35]} Bf8
{[%clk 0:09:33]} 14. Qd2 {[%clk 0:09:14]} h6 {[%clk 0:09:28]} 15. Rad1
{[%clk 0:09:16]} Rad8 {[%clk 0:09:31]} 16. Nf5 {[%clk 0:09:07]} a6
{[%clk 0:09:04]} 17. Rfe1 {[%clk 0:09:08]} Qc8 {[%clk 0:09:03]} 18. Ne3
{[%clk 0:08:54]} Qb7 {[%clk 0:08:51]} 19. Ned5 {[%clk 0:08:48]} Nd7
{[%clk 0:08:40]} 20. Nf4 {[%clk 0:08:28]} Nce5 {[%clk 0:08:34]} 21. Ncd5
{[%clk 0:08:20]} c6 {[%clk 0:08:24]} 22. Ne3 {[%clk 0:08:18]} b5 {[%clk 0:08:11]}
23. Qc2 {[%clk 0:08:01]} Nb6 {[%clk 0:07:46]} 24. c5 {[%clk 0:07:39]} Nc8
{[%clk 0:07:29]} 25. Nf5 {[%clk 0:07:33]} Ng6 {[%clk 0:07:06]} 26. Nh5
{[%clk 0:07:17]} Ne5 {[%clk 0:06:26]} 27. f4 {[%clk 0:06:50]} Ng6
{[%clk 0:05:38]} 28. Nfxg7 {[%clk 0:06:29]} Be7 {[%clk 0:04:49]} 29. Nxe8
{[%clk 0:06:27]} Rxe8 {[%clk 0:04:51]} 30. Qc3 {[%clk 0:06:25]} f6
{[%clk 0:04:41]} 31. cxd6 {[%clk 0:06:18]} Nxd6 {[%clk 0:04:28]} 32. Nxf6+
{[%clk 0:06:14]} 1-0

[Event "Championship Moscow 2015 Seniors rapid"]
[Site "?"]
[Date "2015.11.29"]
[Round "1.13"]
[White "Smirnov, Igor A."]
[Black "Hait, Alexander"]
[Result "0-1"]
[BlackElo "2218"]
[WhiteElo "1979"]
[LiveChessVersion "1.4.6"]

1. e4 {[%clk 0:10:09]} d6 {[%clk 0:10:09]} 2. d4 {[%clk 0:10:12]} Nf6
{[%clk 0:10:13]} 3. Nc3 {[%clk 0:10:15]} g6 {[%clk 0:10:17]} 4. Be2
{[%clk 0:10:14]} Bg7 {[%clk 0:10:20]} 5. Nf3 {[%clk 0:10:09]} O-O
{[%clk 0:10:22]} 6. O-O {[%clk 0:10:09]} c5 {[%clk 0:10:25]} 7. Be3
{[%clk 0:09:27]} cxd4 {[%clk 0:09:39]} 8. Nxd4 {[%clk 0:09:29]} Nc6
{[%clk 0:09:44]} 9. Nb3 {[%clk 0:09:15]} a6 {[%clk 0:09:06]} 10. f4
{[%clk 0:09:14]} b5 {[%clk 0:08:40]} 11. Bf3 Bb7 12. Qd3 {[%clk 0:08:44]} Qc7
{[%clk 0:07:48]} 13. Rac1 {[%clk 0:08:05]} Rac8 {[%clk 0:07:44]} 14. a4
{[%clk 0:07:46]} b4 {[%clk 0:07:15]} 15. Nd5 {[%clk 0:07:37]} Nxd5
{[%clk 0:07:18]} 16. exd5 {[%clk 0:07:40]} Na5 {[%clk 0:07:21]} 17. Nxa5
{[%clk 0:07:08]} Qxa5 {[%clk 0:07:23]} 18. b3 {[%clk 0:06:50]} Rc3
{[%clk 0:07:03]} 19. Qd2 {[%clk 0:06:53]} Rfc8 {[%clk 0:06:59]} 20. Rf2
{[%clk 0:06:07]} Qc7 {[%clk 0:06:38]} 21. g4 {[%clk 0:05:27]} a5 {[%clk 0:06:08]}
22. f5 {[%clk 0:05:29]} Be5 {[%clk 0:05:57]} 23. fxg6 {[%clk 0:05:27]} hxg6
{[%clk 0:06:01]} 24. Be4 {[%clk 0:05:21]} Bg7 {[%clk 0:05:31]} 25. Rcf1
{[%clk 0:05:21]} Rf8 {[%clk 0:05:19]} 26. Bd4 {[%clk 0:05:11]} Bxd4
{[%clk 0:04:24]} 27. Qxd4 Qc5 28. Qd2 {[%clk 0:04:39]} Kg7 {[%clk 0:04:07]} 29.
Qg5 {[%clk 0:04:21]} Ba6 {[%clk 0:03:41]} 30. Re1 {[%clk 0:03:44]} Qa7
{[%clk 0:02:22]} 31. Kg2 {[%clk 0:03:34]} Rc7 {[%clk 0:02:09]} 32. h4
{[%clk 0:03:34]} Qd4 {[%clk 0:02:03]} 33. h5 {[%clk 0:03:25]} Qe5
{[%clk 0:01:57]} 34. h6+ {[%clk 0:02:41]} Kg8 {[%clk 0:01:57]} 35. h7+
{[%clk 0:02:12]} Kg7 {[%clk 0:01:49]} 36. Qh4 {[%clk 0:02:05]} g5
{[%clk 0:01:20]} 37. Qh5 {[%clk 0:01:56]} f6 {[%clk 0:01:20]} 38. Qg6+ Kh8 39.
Rf5 {[%clk 0:01:00]} Rxc2+ {[%clk 0:01:27]} 40. Bxc2 {[%clk 0:00:53]} Qxe1
{[%clk 0:01:31]} 41. Qxg5 {[%clk 0:00:44]} Qe2+ {[%clk 0:01:09]} 42. Rf2
{[%clk 0:00:47]} Qxf2+ {[%clk 0:01:12]} 43. Kxf2 {[%clk 0:00:49]} fxg5+
{[%clk 0:01:17]} 0-1

[Event "Championship Moscow 2015 Seniors rapid"]
[Site "?"]
[Date "2015.11.29"]
[Round "1.14"]
[White "Bogumil, Pavel"]
[Black "Tseitline, Semen"]
[Result "1-0"]
[BlackElo "1976"]
[WhiteElo "2211"]
[LiveChessVersion "1.4.6"]

1. e4 {[%clk 0:10:09]} d6 {[%clk 0:10:09]} 2. d4 {[%clk 0:10:11]} Nf6
{[%clk 0:10:13]} 3. Nc3 {[%clk 0:10:10]} g6 {[%clk 0:10:16]} 4. g3
{[%clk 0:10:09]} Bg7 {[%clk 0:10:20]} 5. Bg2 {[%clk 0:10:12]} O-O
{[%clk 0:10:24]} 6. Nge2 {[%clk 0:10:16]} Nc6 {[%clk 0:10:28]} 7. h3
{[%clk 0:10:18]} e5 {[%clk 0:10:33]} 8. Be3 {[%clk 0:10:20]} Bd7 {[%clk 0:10:20]}
9. O-O {[%clk 0:10:22]} Qe7 {[%clk 0:10:08]} 10. d5 {[%clk 0:10:19]} Nb4
{[%clk 0:09:52]} 11. a3 {[%clk 0:10:16]} Na6 {[%clk 0:09:56]} 12. b4
{[%clk 0:10:21]} c6 {[%clk 0:09:28]} 13. dxc6 {[%clk 0:09:48]} bxc6
{[%clk 0:09:31]} 14. Qd3 {[%clk 0:09:52]} Be6 {[%clk 0:09:25]} 15. Qxa6
{[%clk 0:09:49]} Bd7 1-0

[Event "Championship Moscow 2015 Seniors rapid"]
[Site "?"]
[Date "2015.11.29"]
[Round "1.15"]
[White "Shavrov, Vladimir K."]
[Black "Hramtsov, Alexander"]
[Result "0-1"]
[BlackElo "2189"]
[WhiteElo "1959"]
[LiveChessVersion "1.4.6"]

1. Nf3 {[%clk 0:10:05]} d5 {[%clk 0:10:09]} 2. e3 {[%clk 0:10:04]} g6
{[%clk 0:10:08]} 3. Nc3 {[%clk 0:09:42]} Bg7 {[%clk 0:10:11]} 4. b3
{[%clk 0:09:45]} Nf6 {[%clk 0:10:06]} 5. Bb2 {[%clk 0:09:44]} O-O
{[%clk 0:10:08]} 6. d3 {[%clk 0:09:36]} c5 {[%clk 0:10:10]} 7. Be2
{[%clk 0:09:37]} Nc6 {[%clk 0:10:13]} 8. O-O {[%clk 0:09:40]} b6 {[%clk 0:10:10]}
9. h3 {[%clk 0:09:39]} Bb7 {[%clk 0:10:15]} 10. d4 {[%clk 0:08:55]} Qd7
{[%clk 0:09:51]} 11. Ne5 {[%clk 0:08:26]} Nxe5 {[%clk 0:09:26]} 12. dxe5
{[%clk 0:08:29]} Ne8 {[%clk 0:09:19]} 13. f4 {[%clk 0:08:25]} Nc7
{[%clk 0:09:19]} 14. Bf3 {[%clk 0:08:09]} Rad8 {[%clk 0:09:22]} 15. Ne2
{[%clk 0:08:10]} e6 {[%clk 0:09:10]} 16. Qd2 {[%clk 0:08:07]} Qe7
{[%clk 0:09:02]} 17. g3 {[%clk 0:08:01]} Rd7 {[%clk 0:09:02]} 18. Kh2
{[%clk 0:08:02]} Rfd8 {[%clk 0:09:06]} 19. Rad1 {[%clk 0:08:04]} Ne8
{[%clk 0:08:55]} 20. Qd3 {[%clk 0:07:38]} f6 {[%clk 0:08:45]} 21. Bg4
{[%clk 0:07:16]} f5 {[%clk 0:08:29]} 22. Bf3 {[%clk 0:07:18]} h6 {[%clk 0:08:28]}
23. Qb5 {[%clk 0:07:16]} Nc7 {[%clk 0:08:24]} 24. a4 {[%clk 0:07:18]} g5
{[%clk 0:07:33]} 25. Qd3 {[%clk 0:07:15]} a6 {[%clk 0:06:45]} 26. g4
{[%clk 0:07:06]} fxg4 {[%clk 0:06:11]} 27. Bxg4 {[%clk 0:07:02]} b5
{[%clk 0:05:52]} 28. a5 {[%clk 0:06:45]} b4 {[%clk 0:05:49]} 29. Qg6
{[%clk 0:06:38]} Qe8 {[%clk 0:05:31]} 30. Bh5 {[%clk 0:06:35]} Qxg6
{[%clk 0:05:34]} 31. Bxg6 {[%clk 0:06:38]} Nb5 {[%clk 0:05:29]} 32. Bh5
{[%clk 0:06:27]} d4 {[%clk 0:05:13]} 33. exd4 {[%clk 0:06:26]} cxd4
{[%clk 0:05:15]} 34. Nxd4 {[%clk 0:06:26]} Nxd4 {[%clk 0:05:14]} 35. Bg4
{[%clk 0:06:20]} Kh8 {[%clk 0:05:02]} 36. Rd3 {[%clk 0:05:53]} Nxc2
{[%clk 0:04:52]} 37. Rxd7 {[%clk 0:05:41]} Rxd7 {[%clk 0:04:57]} 38. Rf2
{[%clk 0:05:44]} Ne3 {[%clk 0:04:49]} 39. Bxe6 {[%clk 0:05:43]} Re7
{[%clk 0:04:46]} 40. Bg4 {[%clk 0:05:36]} Nxg4+ {[%clk 0:04:43]} 41. hxg4
{[%clk 0:05:36]} gxf4 {[%clk 0:04:47]} 42. Rxf4 {[%clk 0:05:38]} Rxe5
{[%clk 0:04:38]} 43. Rf2 {[%clk 0:05:15]} Rxa5 {[%clk 0:04:39]} 44. Bxg7+
{[%clk 0:05:17]} Kxg7 {[%clk 0:04:43]} 45. Rc2 {[%clk 0:05:20]} Bd5
{[%clk 0:04:44]} 46. Rc7+ {[%clk 0:05:23]} Kg6 {[%clk 0:04:47]} 47. Kg3
{[%clk 0:05:26]} Bxb3 {[%clk 0:04:51]} 48. Rc6+ {[%clk 0:05:29]} Kg5
{[%clk 0:04:51]} 49. Rc7 {[%clk 0:05:31]} Be6 {[%clk 0:04:48]} 50. Rg7+
{[%clk 0:05:33]} Kf6 {[%clk 0:04:52]} 51. Rh7 {[%clk 0:05:37]} Kg6
{[%clk 0:04:51]} 52. Rh8 {[%clk 0:05:39]} b3 {[%clk 0:04:53]} 53. Rb8
{[%clk 0:05:42]} Rb5 {[%clk 0:04:57]} 0-1

[Event "Championship Moscow 2015 Seniors rapid"]
[Site "?"]
[Date "2015.11.29"]
[Round "1.16"]
[White "Andreev, Viktor B."]
[Black "Zverkhovski, Vladimir"]
[Result "1/2-1/2"]
[BlackElo "1939"]
[WhiteElo "2184"]
[LiveChessVersion "1.4.6"]

1. c4 {[%clk 0:10:09]} Nf6 {[%clk 0:10:08]} 2. Nc3 {[%clk 0:10:12]} c6
{[%clk 0:10:11]} 3. d4 {[%clk 0:10:15]} d5 {[%clk 0:10:12]} 4. Nf3
{[%clk 0:10:18]} g6 {[%clk 0:10:11]} 5. h3 {[%clk 0:10:17]} Bg7 {[%clk 0:10:14]}
6. Bg5 {[%clk 0:10:11]} O-O {[%clk 0:10:03]} 7. e3 {[%clk 0:10:14]} a6
{[%clk 0:09:07]} 8. Qb3 {[%clk 0:10:03]} Ne4 {[%clk 0:08:24]} 9. Nxe4
{[%clk 0:09:57]} dxe4 {[%clk 0:08:27]} 10. Nd2 {[%clk 0:09:59]} h6
{[%clk 0:08:18]} 11. Bh4 {[%clk 0:10:00]} f5 {[%clk 0:08:02]} 12. O-O-O
{[%clk 0:09:29]} Nd7 {[%clk 0:07:51]} 13. f3 {[%clk 0:09:18]} g5 {[%clk 0:07:36]}
14. Bf2 {[%clk 0:09:18]} exf3 {[%clk 0:07:33]} 15. gxf3 {[%clk 0:09:21]} Qb6
{[%clk 0:07:37]} 16. h4 {[%clk 0:08:48]} Qxb3 17. Nxb3 {[%clk 0:08:52]} e5
{[%clk 0:07:33]} 18. hxg5 {[%clk 0:08:53]} hxg5 {[%clk 0:07:34]} 19. d5
{[%clk 0:08:47]} e4 {[%clk 0:07:31]} 20. Rg1 {[%clk 0:08:27]} Bf6
{[%clk 0:07:01]} 21. Bh4 {[%clk 0:08:11]} Ne5 {[%clk 0:06:30]} 22. Be2
{[%clk 0:07:51]} exf3 {[%clk 0:06:23]} 23. Bf1 {[%clk 0:07:51]} g4
{[%clk 0:06:21]} 24. Bg3 {[%clk 0:07:48]} cxd5 {[%clk 0:06:14]} 25. Rxd5
{[%clk 0:07:51]} Re8 {[%clk 0:05:59]} 26. Nd4 {[%clk 0:07:45]} b5
{[%clk 0:05:33]} 27. Bxe5 {[%clk 0:07:32]} Rxe5 {[%clk 0:05:14]} 28. Rxe5
{[%clk 0:07:25]} Bxe5 {[%clk 0:05:18]} 29. Nxf3 {[%clk 0:07:27]} Bg7
{[%clk 0:05:02]} 30. cxb5 {[%clk 0:07:17]} gxf3 {[%clk 0:05:05]} 31. Bc4+
{[%clk 0:07:18]} Kf8 {[%clk 0:05:04]} 32. Rf1 {[%clk 0:07:20]} axb5
{[%clk 0:04:57]} 33. Bxb5 {[%clk 0:07:22]} Bb7 {[%clk 0:05:00]} 34. a4
{[%clk 0:07:22]} Be4 {[%clk 0:05:00]} 35. b3 {[%clk 0:07:04]} Rc8+
{[%clk 0:05:03]} 36. Bc4 {[%clk 0:07:08]} Bd5 {[%clk 0:05:00]} 37. Kd2
{[%clk 0:07:08]} Bxc4 {[%clk 0:04:34]} 38. bxc4 {[%clk 0:07:12]} Rxc4
{[%clk 0:04:32]} 39. Rxf3 {[%clk 0:07:15]} Rxa4 {[%clk 0:04:24]} 40. Rxf5+
{[%clk 0:07:19]} Ke7 {[%clk 0:04:27]} 41. Rd5 {[%clk 0:07:17]} 1/2-1/2